000 00339 a2200145 4500
001 153864
040 _cEscola São Tomás de Aquino
100 _aMACHADO, Ana Maria
240 1 0 _aUma gota de mágica
_lpor
245 1 0 _aUma gota de mágica
362 0 _a2012
440 1 _aSalamandra
697 _a*LITERATURA INFANTIL
942 _cBK
999 _c153864
_d153864